Ministerios en el Gobierno de España - Estadísticas

Estadísticas generales
  • Esta prueba ha sido intentada 24 veces
  • La puntuación promedio es 6 de 22
Estadísticas de respuestas
Ministerio % Correcto
Interior
86%
Hacienda
81%
Defensa
62%
Igualdad
62%
Sanidad
62%
Cultura
38%
Juventud e Infancia
19%
Presidencia, Justicia y Relaciones con las Cortes
19%
Economía, Comercio y Empresa
14%
Industria y Turismo
14%
Transición Ecológica y Reto Demográfico
14%
Agricultura, Pesca y Alimentación
10%
Asuntos Exteriores, Unión Europea y Cooperación
10%
Ciencia, Innovación y Universidades
10%
Derechos Sociales, Consumo y Agenda 2030
10%
Educación, Formación Profesional y Deportes
10%
Política Territorial y Memoria Democrática
10%
Trabajo y Economía Social
10%
Transportes y Movilidad Sostenible
10%
Vivienda y Agenda Urbana
10%
Inclusión, Seguridad Social y Migraciones
5%
Transformación Digital y Función Pública
5%
No se encontraron pruebas coincidentes
Distribución de puntuación
Porcentaje de gente con cada puntuación
Porcentaje por número respondido
Historial de tus puntuaciones
No has intentado esta prueba.